[Event "Prague Summer op-B 9th"]
[Site "Prague"]
[Date "2022.08.10"]
[Round "7"]
[White "Cavoli, Stefano"]
[Black "Guggenheim, Hans Wolfgang"]
[Result "1-0"]
[WhiteElo "1534"]
[BlackElo "1866"]
[PlyCount "71"]
[EventDate "2022.08.05"]
[EventType "swiss"]
[EventRounds "9"]
[EventCountry "CZE"]
[SourceTitle "EXT 2023"]
[Source "ChessBase"]
[SourceDate "2022.10.05"]
[SourceVersion "1"]
[SourceVersionDate "2022.10.05"]
[SourceQuality "1"]

1. Nf3 d5 2. c4 c6 3. g3 Nf6 4. Bg2 Bf5 5. cxd5 Nxd5 6. 0-0 e6 7. e3 Bg6 8. e4 Nb6 9. Ne5 N8d7 10. Nxg6 hxg6 11. d4 Nf6 12. Nc3 Be7 13. Bf4 0-0 14. Qd3 Qd7 15. Rfd1 Rfd8 16. Rac1 Qe8 17. Rc2 Rd7 18. Rcd2 Rad8 19. a4 Bb4 20. Qc2 Bxc3 21. bxc3 Nc4 22. Rd3 e5 23. Bg5 Rb8 24. Qb3 b5 25. d5 cxd5 26. exd5 Nd6 27. axb5 Rxb5 28. Qa2 Qc8 29. Bh3 Nf5 30. c4 Rc5 31. Qb2 Rxc4 32. Qxe5 Re4 33. Qa1 Ng4 34. Bg2 Rc4 35. h3 Ne5 36. Qxe5 1-0